Willsher v Scott and Ors (Record no. 106735)
[ view plain ]
| 000 -LEADER | |
|---|---|
| fixed length control field | 01897cam a2200193 4500 |
| 001 - CONTROL NUMBER | |
| control field | L137334 |
| 008 - FIXED-LENGTH DATA ELEMENTS--GENERAL INFORMATION | |
| fixed length control field | 070329s2007 xxk f 000 0 eng d |
| 035 ## - SYSTEM CONTROL NUMBER | |
| System control number | (Sirsi) u137334 |
| 041 0# - LANGUAGE CODE | |
| Language code of text/sound track or separate title | eng |
| 245 00 - TITLE STATEMENT | |
| Title | Willsher v Scott and Ors |
| Medium | [electronic resource] |
| 260 ## - PUBLICATION, DISTRIBUTION, ETC. | |
| Date of publication, distribution, etc. | 2007 |
| 520 ## - SUMMARY, ETC. | |
| Summary, etc. | [2007] EWCA Civ 195, 15 March 2007. The appellant appealed against a decision determining the location of boundary lines between his land and land owned by the respondent. The respondent erected a wall at the bottom of a bank on the northern boundary of his land. The respondent claimed that the wall had been erected in the same position as a fence that he had been required by the conveyance to erect on the intended boundary line. The appellant commenced proceedings claiming that the correct northern boundary was on top of the bank, and also claiming that the eastern boundary was in the wrong place. The judge found in favour of the respondent in respect of the northern boundary, and decided that the eastern boundary was along a line suggested by a jointly instructed expert. The appellant argued that the judge had contradicted himself by concluding that the northern boundary was as described by the joint expert, while also accepting that the boundary was as contended for by the respondent, as they differed as to the ownership of a parcel of land. "Held": the judge had proceeded on a false basis, that on the northern boundary issue the respondent 's evidence and the expert's evidence were the same, and had overlooked the fact that the expert had attributed ownership of the parcel of land to the appellant. |
| 590 ## - LOCAL NOTE (RLIN) | |
| Local note | KA |
| 650 24 - SUBJECT ADDED ENTRY--TOPICAL TERM | |
| Topical term or geographic name entry element | WILLSHER V SCOTT |
| 651 #4 - SUBJECT ADDED ENTRY--GEOGRAPHIC NAME | |
| Geographic name | England |
| Chronological subdivision | 886- |
| 690 ## - LOCAL SUBJECT ADDED ENTRY--TOPICAL TERM (OCLC, RLIN) | |
| Topical term or geographic name as entry element | PROPERTY-PROPERTY MANAGEMENT-BOUNDARY DETERMINATION |
| 856 48 - ELECTRONIC LOCATION AND ACCESS | |
| Uniform Resource Identifier | <a href="https://www.bailii.org/ew/cases/EWCA/Civ/2007/195.html">https://www.bailii.org/ew/cases/EWCA/Civ/2007/195.html</a> |
| Public note | View the item free of charge at www.bailii.org... |
| 942 ## - ADDED ENTRY ELEMENTS (KOHA) | |
| Suppress in OPAC | 0 |
| Withdrawn status | Lost status | Source of classification or shelving scheme | Damaged status | Not for loan | Home library | Current library | Shelving location | Date acquired | Total Checkouts | Full call number | Barcode | Date last seen | Copy number | Price effective from | Koha item type |
|---|---|---|---|---|---|---|---|---|---|---|---|---|---|---|---|
| Dewey Decimal Classification | Virtual | Virtual | Online | 29/03/2007 | ONLINE PUBLICATION | 137334-2001 | 06/08/2019 | 1 | 06/08/2019 | Law report |